• 首页
  • 本馆介绍
  • 公告通知
  • 最新文献
  • 馆藏检索
  • 电子资源
  • 读者导购
  • 参考咨询
  • 我的图书馆
  • 登录
  • 详细信息显示
  • 放入我的书架
  • 预约/预借图书
  • 作者相关作品
  • 分类相关作品
  • 丛书相关作品
  • 出版社相关作品

书目信息

  • 表格格式
  • 工作单格式
  • 卡片格式
题名:
客户管理与账款回收
    
 
作者: 谢旭 著
分册:  
出版信息: 北京   企业管理出版社  2001
页数: 309页
开本: 20cm
丛书名: 东方保理中心信用管理丛书
单 册:
中图分类: F830.56
科图分类:
主题词: 企业--信贷管理--风险分析--研究 , 信贷管理 , 风险分析 , 企业
电子资源:
ISBN: 7-80147-527-5
000 00940oam2 2200289 450
001 1249834749
005 20121005135117.71
010    @a7-80147-527-5@dCNY19.80
100    @a20040604d2001 em y0chiy0110 ea
101 0  @achi
102    @aCN@b110000
105    @ay z 000yy
200 1  @a客户管理与账款回收@AKe Hu Guan Li Yu Zhang Kuan Hui Shou@e企业信用风险防范实例@EQi Ye Xin Yong Feng Xian Fang Fan Shi Li@f谢旭著@FXie Xu Zhu
210    @a北京@c企业管理出版社@d2001
215    @a309页@d20cm
225 2  @a东方保理中心信用管理丛书
300    @a其他题名:企业信用风险防范实例
461  0 @12001 @a东方保理中心信用管理丛书
517 1  @a企业信用风险防范实例@AQi Ye Xin Yong Feng Xian Fang Fan Shi Li
606 0  @a企业@x信贷管理@x风险分析@x研究
606 0  @a信贷管理
606 0  @a风险分析
606 0  @a企业
690    @aF830.56@v4
701  0 @a谢旭@AXie Xu@4著
801  0 @aCN@bNLC@c20101222
905    @a10447@dF830.56@eJY56
    
    客户管理与账款回收:企业信用风险防范实例/谢旭著.-北京:企业管理出版社,2001
    309页;20cm.-(东方保理中心信用管理丛书)
    其他题名:企业信用风险防范实例
    
    ISBN 7-80147-527-5:CNY19.80
    
●
相关链接 在E读中查询图书 在五车中查询图书 在当当中查询图书 在豆瓣中查询图书


正题名:客户管理与账款回收     索取号:F830.56/JY56         预约/预借

序号 登录号 条形码 馆藏地/架位号 状态 备注
1 7814334   278143340   学院路分馆/ [索取号:F830.56/JY56] 在馆    
2 7814335   278143359   学院路分馆/ [索取号:F830.56/JY56] 在馆    
3 7814336   278143368   学院路分馆/ [索取号:F830.56/JY56] 在馆    
唐山师范学院图书馆 欢迎您!
大连网信软件有限公司© 版权所有